000 01611cam a22003974a 4500
001 14859604
003 OSt
005 20230920144704.0
008 070522s2007 enkabf b 001 0 eng
010 _a 2007275500
020 _a9780745325262 (hardback : Pluto)
020 _a0745325262 (hardback : Pluto)
020 _a9780745325255 (pbk. : Pluto)
020 _a0745325254 (pbk. : Pluto)
020 _a9789551266547 (pbk. : Vijitha)
020 _a9551266544 (pbk. : Vijitha)
040 _aDLC
_cDLC
_dDLC
043 _aa-ce---
050 0 0 _aHV640.3
_b.C53 2007
082 0 0 _a954.93032
_bCLA/E
100 1 _aClarance, William
_99536
245 1 0 _aEthnic warfare in Sri Lanka and the UN crisis /
_cWilliam Clarance.
260 _aLondon ;
_aAnn Arbor, MI :
_bPluto Press ;
_aColombo :
_bVijitha Yapa Publications,
_c2007.
300 _axxxi, 296 p., [10] p. of plates :
_bill., maps ;
_c23 cm.
504 _aIncludes bibliographical references (p. 285-286) and index.
600 1 0 _aClarance, William.
610 2 0 _aOffice of the United Nations High Commissioner for Refugees in Sri Lanka.
650 0 _aHumanitarian assistance
_zSri Lanka.
650 0 _aEthnic conflict
_zSri Lanka.
650 0 _aTerrorism
_zSri Lanka.
651 0 _aSri Lanka
_xHistory
_yCivil War, 1983-2009
_xWar work.
856 4 2 _3Publisher description
_uhttp://www.loc.gov/catdir/enhancements/fy0812/2007275500-d.html
906 _a7
_bcbc
_corignew
_d2
_encip
_f20
_gy-gencatlg
942 _2ddc
_cBK
_h954.93032
_iCLA/E
_k954.93032
_mCLA/E
999 _c42264
_d42264